<The> handbook of technology management management support systems, electronic commerce, legal and security considerations

Guardado en:
Detalles Bibliográficos
Otros Autores: Bidgoli, Hossein
Formato: Libro
Lenguaje:inglés
Publicado: Hoboken John Wiley & Sons 2010
Materias:
Etiquetas: Agregar Etiqueta
Sin Etiquetas, Sea el primero en etiquetar este registro!

MARC

LEADER 00000nam a2200000 4500
001 0121693
005 20240315115401.2
020 |a 978-0-470-24949-9 (v. 3) 
041 0 |a eng 
044 |a US 
245 1 0 |a <The> handbook of technology management  |b management support systems, electronic commerce, legal and security considerations  |c Hossein Bidgoli (editor-in-chief) 
264 1 |a Hoboken  |b John Wiley & Sons  |c 2010 
300 |a 1101 s. 
610 2 0 |a manažment 
610 2 0 |a technika riadenia 
610 2 0 |a nástroje finančné 
610 2 0 |a manažment inovačný 
610 2 0 |a ponuka 
610 2 0 |a marketing 
610 2 0 |a reklama 
610 2 0 |a obchod elektronický 
610 2 0 |a internet 
610 2 0 |a systémy informačné 
610 2 0 |a bezpečnosť 
610 2 0 |a ekonómia 
610 2 0 |a príručky 
700 1 |a Bidgoli, Hossein